000 00845nam a22002297a 4500
005 20250904154426.0
010 _aB-763049-063 ENG-146762 BACEN25
020 _a9789395401371
_c1475.00
035 _aB-763049-063
035 _aEN-130294
037 _bRajat Publications
037 _bDBAD
_aDPL
082 _a025.00285
_21
100 _aNarang, Sumit
_984835
245 _aDigital Library Management/
_cBy Sumit Narang
250 _a1
260 _aNew Delhi
_bRajat Publications
_c2024
270 _a4740/23, Ansari Road, Daryagan
_bNew Delhi
_e110002
300 _a256p.
_c24cm(Hb)
942 _2ddc
_cEN
_mNAR
_h025.00285
999 _c209276
_d209276